The Keyboard Alphabet Quiz Stats

 Plays Quiz Updated Apr 5, 2018

Support Sporcle.
Go Orange.
Score 0/26 Timer 01:00
1 Play Today
Hint Letter % Correct
Below 'E' D
78.5%
Below 'T' G
78.3%
Above 'S'W
78.2%
To the Left of 'M' N
78.1%
To the Left of 'K'J
78.1%
To the Left of 'S'A
78%
To the Right of 'J'K
78%
Below '7' And '8'U
78%
To the Left of 'W'Q
78%
To the Right of 'D' F
78%
To the Right of 'T' Y
77.9%
Below 'F' And 'G'V
77.9%
Below '9' And '0' O
77.9%
Hint Letter % Correct
To the Left of 'T' R
77.9%
To the Right of 'W'E
77.9%
Below 'S' And 'D' X
77.9%
To the Right of 'V'B
77.9%
To the Right of 'N' M
77.9%
Below '8' And '9' I
77.8%
To the Left of 'V'C
77.8%
Below '6' And '5' T
77.8%
Above 'Z' And 'X'S
77.7%
Above 'B' And 'N'H
77.6%
To the Left of ';' And/Or ':'L
74.3%
To the Left of '[' And/Or '{'P
73.3%
To the Right of 'Shift'Z
72.6%

You're not logged in!

Compare scores with friends on all Sporcle quizzes.
OR
Log In

From the Vault

Number Memory Minefield

by sconeyj

The pressure of concentrating this hard just might make your brain explode.
Remove Ads.
Support Sporcle.
Get the best of Sporcle when you Go Orange. This ad-free experience offers more features, more stats, and more fun while also helping to support Sporcle. Thank you for becoming a member.

Show Comments

Extras

Top Quizzes Today


Score Distribution

Your Account Isn't Verified!

In order to create a playlist on Sporcle, you need to verify the email address you used during registration. Go to your Sporcle Settings to finish the process.

Report this User

Report this user for behavior that violates our Community Guidelines.

Details: